00198nam a2200085Ia 4500020001900000100001800019245002200037082001200059008004100071 a9780799375152" aHAMERSMA ELSA 0aSPIOEN VIR LIRFDE aAF HAME210805s9999 xx 000 0 und d